| 000 | 00377 a2200133 4500 | ||
|---|---|---|---|
| 000 | nam a22 7a 4500 | ||
| 005 | 20260310151756.0 | ||
| 020 | _a9781032750217 | ||
| 100 |
_aJohn Buglear _91131567 |
||
| 245 | _aStats Means Business : Statistics and Business Analytics for Business, Hospitality and Tourism | ||
| 250 | _a4th | ||
| 260 |
_bRoutledge _c2025 |
||
| 942 | _cTEXL | ||
| 999 |
_c1715053 _d1715053 |
||